[Event "Petroupoli ASOP Dias Seniors op"]
[Site "Petroupoli"]
[Date "2013.10.19"]
[Round "4.3"]
[White "Diamandis, Georgios"]
[Black "Papadopoulos, Petros"]
[Result "0-1"]
[WhiteElo "1751"]
[BlackElo "1315"]
[PlyCount "126"]
[EventDate "2013.09.28"]
[EventType "swiss"]
[EventRounds "7"]
[EventCountry "GRE"]
[SourceTitle "EXT 2024"]
[Source "ChessBase"]
[SourceDate "2023.10.10"]
[SourceVersion "1"]
[SourceVersionDate "2023.10.10"]
[SourceQuality "1"]

1. e4 d5 2. exd5 Nf6 3. Nc3 Nxd5 4. Nxd5 Qxd5 5. d4 Nc6 6. Nf3 Bg4 7. Be2 0-0-0 8. Be3 g6 9. c3 Bg7 10. Qa4 Qa5 11. Qxa5 Nxa5 12. b3 Nc6 13. h3 Bf5 14. Nh4 Be4 15. 0-0 e5 16. dxe5 Nxe5 17. Bd4 g5 18. Nf3 Nxf3+ 19. gxf3 Bxd4 20. cxd4 Bf5 21. Bc4 Bxh3 22. Rfd1 f6 23. Kh2 Bf5 24. Rac1 Rd6 25. a4 Rhd8 26. d5 Be6 27. Rc3 Bxd5 28. Be2 Bc6 29. Rdc1 Rd2 30. R1c2 Rxc2 31. Rxc2 Rd4 32. Kg3 Kd7 33. Bf1 h5 34. Bh3+ Kd6 35. Re2 Kc5 36. Be6 Rd3 37. Rc2+ Kd6 38. Bf7 Rxf3+ 39. Kh2 h4 40. Bg6 Rxb3 41. Rd2+ Kc5 42. Re2 Bxa4 43. Ra2 Rb4 44. Bf7 Bb3 45. Bxb3 Rxb3 46. Rxa7 g4 47. Ra4 Rb4 48. Ra5+ b5 49. Ra7 Kb6 50. Ra8 f5 51. Rh8 f4 52. Rh6+ c6 53. f3 Rb2+ 54. Kg1 gxf3 55. Rxh4 f2+ 56. Kf1 b4 57. Rxf4 Kb5 58. Rf8 b3 59. Rb8+ Kc4 60. Rb6 c5 61. Rc6 Rc2 62. Rf6 b2 63. Rf4+ Kb5 0-1

[Event "Petroupoli ASOP Dias Seniors op"]
[Site "Petroupoli"]
[Date "2013.04.20"]
[Round "4.2"]
[White "Pavlis, Antonios"]
[Black "Diamandis, Georgios"]
[Result "0-1"]
[WhiteElo "1831"]
[BlackElo "1817"]
[PlyCount "118"]
[EventDate "2013.03.30"]
[EventType "swiss"]
[EventRounds "7"]
[EventCountry "GRE"]
[SourceTitle "EXT 2024"]
[Source "ChessBase"]
[SourceDate "2023.10.10"]
[SourceVersion "1"]
[SourceVersionDate "2023.10.10"]
[SourceQuality "1"]

1. e4 e5 2. Nf3 Nc6 3. Bc4 d6 4. d4 exd4 5. c3 Ne5 6. Nxe5 dxe5 7. f4 d3 8. 0-0 Qe7 9. Qb3 Be6 10. Bxe6 Qxe6 11. Qxb7 Qb6+ 12. Qxb6 axb6 13. fxe5 Bc5+ 14. Kh1 b5 15. b4 Bb6 16. a4 bxa4 17. Rd1 Ne7 18. Bg5 Ng6 19. Rxd3 Nxe5 20. Rxa4 0-0 21. Rxa8 Rxa8 22. Rd8+ Rxd8 23. Bxd8 Nc4 24. g3 f6 25. Be7 Kf7 26. Bc5 Bxc5 27. bxc5 Ke6 28. Kg2 Kd7 29. Kf3 Kc6 30. Ke2 Kxc5 31. h3 Kd6 32. Nd2 Nxd2 33. Kxd2 Ke5 34. Kd3 c6 35. g4 g5 36. Ke3 c5 37. Kd3 Kd6 38. Kc4 Kc6 39. Kd3 Kb5 40. e5 fxe5 41. Ke4 Kc4 42. Kxe5 Kxc3 43. Kf5 Kd4 44. Kxg5 c4 45. Kh6 Ke4 46. h4 c3 47. Kxh7 c2 48. g5 c1Q 49. g6 Qh1 50. g7 Qxh4+ 51. Kg6 Qg4+ 52. Kh6 Ke5 53. Kh7 Kf6 54. g8N+ Ke6 55. Nh6 Qh5 56. Kg7 Qg5+ 57. Kh7 Ke7 58. Kh8 Qxh6+ 59. Kg8 Qg5+ 0-1

[Event "Petroupoli ASOP Dias Seniors op"]
[Site "Petroupoli"]
[Date "2013.04.06"]
[Round "2.4"]
[White "Vlassopoulos, Nikos"]
[Black "Diamandis, Georgios"]
[Result "0-1"]
[WhiteElo "1395"]
[BlackElo "1817"]
[PlyCount "80"]
[EventDate "2013.03.30"]
[EventType "swiss"]
[EventRounds "7"]
[EventCountry "GRE"]
[SourceTitle "EXT 2024"]
[Source "ChessBase"]
[SourceDate "2023.10.10"]
[SourceVersion "1"]
[SourceVersionDate "2023.10.10"]
[SourceQuality "1"]

1. e4 c5 2. Nf3 Nc6 3. d4 cxd4 4. Nxd4 g6 5. Nc3 Bg7 6. Be3 Nf6 7. h3 0-0 8. Qd2 d5 9. Nxc6 bxc6 10. Bh6 d4 11. Bxg7 Kxg7 12. e5 Ng8 13. Ne2 c5 14. Ng3 Qc7 15. f4 Nh6 16. Bc4 Bb7 17. 0-0 e6 18. c3 Rfd8 19. Rad1 Nf5 20. Nxf5+ gxf5 21. Qf2 Rg8 22. cxd4 cxd4 23. Rxd4 Kh8 24. g3 Qc6 25. Kh2 Rg6 26. Be2 Qb6 27. Rd2 Qa5 28. Bc4 Qb4 29. b3 Rag8 30. Rg1 Be4 31. Qe3 a5 32. a4 R6g7 33. Rd4 Qa3 34. Be2 Rb8 35. Bc4 h5 36. h4 Qb2+ 37. Kh3 Bf3 38. Rd2 Bg4+ 39. Kh2 Qa3 40. Rgd1 Bxd1 0-1

[Event "Fyli op 2nd"]
[Site "Fyli"]
[Date "2011.05.13"]
[Round "4"]
[White "Diamandis, Georgios"]
[Black "Georgopoulou, Eytyhia"]
[Result "0-1"]
[WhiteElo "1900"]
[BlackElo "1500"]
[PlyCount "54"]
[EventDate "2011.04.15"]
[EventType "swiss"]
[EventRounds "7"]
[EventCountry "GRE"]
[SourceTitle "EXT 2013"]
[Source "ChessBase"]
[SourceDate "2012.11.22"]
[SourceVersion "1"]
[SourceVersionDate "2012.11.22"]
[SourceQuality "1"]

1. e4 c5 2. Nf3 Nc6 3. c3 d6 4. d4 cxd4 5. cxd4 Nf6 6. d5 Ne5 7. Nxe5 dxe5 8. Nc3 a6 9. Be2 e6 10. 0-0 exd5 11. exd5 Bd6 12. Bg5 0-0 13. Ne4 Bf5 14. Nxf6+ gxf6 15. Bh6 Re8 16. h4 Bf8 17. Be3 Rc8 18. Rc1 Rxc1 19. Bxc1 Be4 20. Bc4 f5 21. f3 Bc5+ 22. Rf2 Bxf2+ 23. Kxf2 Qxh4+ 24. g3 Qh2+ 25. Ke3 Qxg3 26. Be2 Rd8 27. d6 Bc6 0-1

[Event "Heraklio op 9th"]
[Site "Heraklion"]
[Date "2005.??.??"]
[Round "6"]
[White "Diamandis, Georgios"]
[Black "Kakkanas, Evangelos"]
[Result "1-0"]
[WhiteElo "1990"]
[BlackElo "2095"]
[PlyCount "91"]
[EventDate "2005.06.??"]
[EventType "swiss"]
[EventRounds "9"]
[EventCountry "GRE"]
[SourceTitle "EXT 2007"]
[Source "ChessBase"]
[SourceDate "2006.11.23"]
[SourceVersion "1"]
[SourceVersionDate "2006.11.23"]
[SourceQuality "1"]

1. e4 c5 2. Nf3 e6 3. d4 cxd4 4. Nxd4 a6 5. Be2 Qc7 6. Nc3 Nc6 7. Nf3 Nf6 8. 0-0 Bb4 9. Bd2 b5 10. Re1 Bb7 11. a3 Be7 12. Kh1 Ng4 13. Kg1 h5 14. h3 Nd4 15. Bd3 Nxf3+ 16. Qxf3 Ne5 17. Qe2 Nc4 18. Bxc4 bxc4 19. Be3 Rb8 20. Bd4 Bf6 21. e5 Be7 22. Ne4 Bd5 23. Rad1 Qc6 24. f4 0-0 25. g3 Bxe4 26. Qxe4 Qxe4 27. Rxe4 Rfc8 28. Kg2 Kf8 29. Bc3 Rb7 30. Kf3 Ke8 31. g4 hxg4+ 32. hxg4 f6 33. Red4 Bd8 34. Rh1 Kf7 35. Rh8 d5 36. exf6 Rcb8 37. fxg7 Kxg7 38. Rxd5+ Bf6 39. Rxb8 Rxb8 40. Rd7+ Kg6 41. f5+ exf5 42. Rd6 fxg4+ 43. Kxg4 Rf8 44. Rxf6+ Rxf6 45. Bxf6 Kxf6 46. Kf4 1-0